<?xml version="1.0" encoding="UTF-8"?>
<record
    xmlns:xsi="http://www.w3.org/2001/XMLSchema-instance"
    xsi:schemaLocation="http://www.loc.gov/MARC21/slim http://www.loc.gov/standards/marcxml/schema/MARC21slim.xsd"
    xmlns="http://www.loc.gov/MARC21/slim">

  <leader>02254nam a2200313 a 4500</leader>
  <controlfield tag="003">DO-SdBNP</controlfield>
  <controlfield tag="005">20250217092805.0</controlfield>
  <controlfield tag="007">ta</controlfield>
  <controlfield tag="008">091012s1991    dr            000 0 spa d</controlfield>
  <datafield tag="040" ind1=" " ind2=" ">
    <subfield code="a">DO-SdBNP</subfield>
    <subfield code="b">spa</subfield>
    <subfield code="c">BNPHU</subfield>
  </datafield>
  <datafield tag="082" ind1=" " ind2=" ">
    <subfield code="a">248.25</subfield>
    <subfield code="b">J91c</subfield>
  </datafield>
  <datafield tag="100" ind1="1" ind2=" ">
    <subfield code="a">Juanes, Benigno</subfield>
    <subfield code="d">1916-2009</subfield>
    <subfield code="9">442</subfield>
  </datafield>
  <datafield tag="245" ind1="1" ind2="0">
    <subfield code="a">Componentes b&#xE1;sicos de la renovaci&#xF3;n /</subfield>
    <subfield code="c">Benigno Juanes ; presentaci&#xF3;n Mose&#xF1;or Ram&#xF3;n de la Rosa y Carpio.</subfield>
  </datafield>
  <datafield tag="250" ind1=" " ind2=" ">
    <subfield code="a">2a. ed.</subfield>
  </datafield>
  <datafield tag="260" ind1=" " ind2=" ">
    <subfield code="a">Santo Domingo :</subfield>
    <subfield code="b">Renovaci&#xF3;n Carism&#xE1;tica Cat&#xF3;lica,</subfield>
    <subfield code="b">Amigo del Hogar,</subfield>
    <subfield code="c">1991</subfield>
  </datafield>
  <datafield tag="300" ind1=" " ind2=" ">
    <subfield code="a">326 p. ;</subfield>
    <subfield code="c">22 cm.</subfield>
  </datafield>
  <datafield tag="490" ind1=" " ind2=" ">
    <subfield code="a">Torrentes ;</subfield>
    <subfield code="v">2</subfield>
  </datafield>
  <datafield tag="500" ind1=" " ind2=" ">
    <subfield code="a">Gu&#xED;a para la renovaci&#xF3;n Carism&#xE1;tica Cat&#xF3;lica</subfield>
  </datafield>
  <datafield tag="500" ind1=" " ind2=" ">
    <subfield code="a">Nicol&#xE1;s de Js. L&#xF3;pez Rodr&#xED;guez arzobispo metropolitano de Santo Domingo Primada de Am&#xE9;rica, acesor nacional de la Renovaci&#xF3;n Cristiana en el Esp&#xED;ritu Santo.</subfield>
  </datafield>
  <datafield tag="505" ind1="0" ind2=" ">
    <subfield code="a">&#xBF;Qu&#xE9; esla renovaci&#xF3;n carism&#xE1;tica? --</subfield>
    <subfield code="t">Elementos carism&#xE1;ticos de la Renovaci&#xF3;n Cristiana en el Esp&#xED;ritu Santo --</subfield>
    <subfield code="t">El Bautismo (o fusi&#xF3;n) en el Esp&#xED;ritu Santo --</subfield>
    <subfield code="t">Efectos del bautismo en el Espor&#xED;tu Santo y seguimiento --</subfield>
    <subfield code="t">Los carismas --</subfield>
    <subfield code="t">Car&#xED;smas m&#xE1;s frecuentes en los grupos de oraci&#xF3;n --</subfield>
    <subfield code="t">El grupo de oraci&#xF3;n a la luz de las primitivas comunidades cristianas --</subfield>
    <subfield code="t">&#xBF;Por qu&#xE9; y para qu&#xE9; se re&#xFA;nen los grupos de oraci&#xF3;n? --</subfield>
    <subfield code="t">El "Ser Intimo" de los grupos de oraci&#xF3;n --</subfield>
    <subfield code="t">L&#xED;neas de fuerza de los grupos de oraci&#xF3;n --</subfield>
    <subfield code="t">Objetivos concretos de los grupos de oraci&#xF3;n --</subfield>
    <subfield code="t">Obst&#xE1;culos a la eficacia de la acci&#xF3;n del Se&#xF1;or en el grupo de oraci&#xF3;n --</subfield>
    <subfield code="t">Dificultades y problemas de la vida de los grupos de oraci&#xF3;n : la actuaci&#xF3;n del servidor --</subfield>
    <subfield code="t">Preparaci&#xF3;n para los grupos de oraci&#xF3;n --</subfield>
    <subfield code="t">Frutos de los grupos de oraci&#xF3;n --</subfield>
    <subfield code="t">La evangelizaci&#xF3;n como fruto de los grupos de oraci&#xF3;n --</subfield>
    <subfield code="t">El compromiso social como fruto de los grupos de oraci&#xF3;n --</subfield>
    <subfield code="t">El amor y la opci&#xF3;n preferencial por los pobres como fruto de los grupos de oraci&#xF3;n --</subfield>
    <subfield code="t">Ap&#xE9;ndice.</subfield>
  </datafield>
  <datafield tag="590" ind1=" " ind2=" ">
    <subfield code="a">Inventariado, 2018/BT</subfield>
  </datafield>
  <datafield tag="650" ind1=" " ind2="4">
    <subfield code="a">Movimiento carism&#xE1;tico</subfield>
    <subfield code="9">666</subfield>
  </datafield>
  <datafield tag="650" ind1=" " ind2="4">
    <subfield code="a">Evangelizaci&#xF3;n</subfield>
    <subfield code="9">476</subfield>
  </datafield>
  <datafield tag="650" ind1=" " ind2="4">
    <subfield code="a">Grupos de oraci&#xF3;n</subfield>
    <subfield code="9">26144</subfield>
  </datafield>
  <datafield tag="700" ind1="1" ind2="2">
    <subfield code="a">Rosa y Carpio, Ram&#xF3;n de la</subfield>
    <subfield code="9">2173</subfield>
  </datafield>
  <datafield tag="830" ind1=" " ind2="0">
    <subfield code="a">Torrentes ;</subfield>
    <subfield code="n">2</subfield>
    <subfield code="9">26145</subfield>
  </datafield>
  <datafield tag="910" ind1=" " ind2=" ">
    <subfield code="a">Lop&#xE9;rez. Validado. Control de calidad. MFF</subfield>
  </datafield>
  <datafield tag="942" ind1=" " ind2=" ">
    <subfield code="2">ddc</subfield>
    <subfield code="c">LBS1</subfield>
  </datafield>
  <datafield tag="952" ind1=" " ind2=" ">
    <subfield code="0">0</subfield>
    <subfield code="1">0</subfield>
    <subfield code="2">ddc</subfield>
    <subfield code="5">1</subfield>
    <subfield code="7">0</subfield>
    <subfield code="8">MO</subfield>
    <subfield code="a">BNPHU</subfield>
    <subfield code="b">PD</subfield>
    <subfield code="c">HD</subfield>
    <subfield code="d">2022-01-31</subfield>
    <subfield code="e">Dep&#xF3;sito Legal </subfield>
    <subfield code="l">0</subfield>
    <subfield code="o">248.25 J91c</subfield>
    <subfield code="p">2022-0393</subfield>
    <subfield code="r">2022-01-31</subfield>
    <subfield code="w">2022-01-31</subfield>
    <subfield code="y">LBS1</subfield>
  </datafield>
  <datafield tag="952" ind1=" " ind2=" ">
    <subfield code="0">0</subfield>
    <subfield code="1">0</subfield>
    <subfield code="2">ddc</subfield>
    <subfield code="5">1</subfield>
    <subfield code="7">0</subfield>
    <subfield code="8">MO</subfield>
    <subfield code="a">BNPHU</subfield>
    <subfield code="b">PD</subfield>
    <subfield code="c">HD</subfield>
    <subfield code="d">2022-01-31</subfield>
    <subfield code="e">Dep&#xF3;sito Legal </subfield>
    <subfield code="l">0</subfield>
    <subfield code="o">248.25 J91c</subfield>
    <subfield code="p">2022-0394</subfield>
    <subfield code="r">2022-01-31</subfield>
    <subfield code="t">e.2</subfield>
    <subfield code="w">2022-01-31</subfield>
    <subfield code="y">LBS1</subfield>
  </datafield>
  <datafield tag="952" ind1=" " ind2=" ">
    <subfield code="0">0</subfield>
    <subfield code="1">0</subfield>
    <subfield code="2">ddc</subfield>
    <subfield code="5">6</subfield>
    <subfield code="7">0</subfield>
    <subfield code="8">MO</subfield>
    <subfield code="a">BNPHU</subfield>
    <subfield code="b">DO</subfield>
    <subfield code="c">HD</subfield>
    <subfield code="d">2022-01-31</subfield>
    <subfield code="e">Dep&#xF3;sito Legal </subfield>
    <subfield code="l">0</subfield>
    <subfield code="o">248.25 J91c</subfield>
    <subfield code="p">2022-0395</subfield>
    <subfield code="r">2022-01-31</subfield>
    <subfield code="t">e.3</subfield>
    <subfield code="w">2022-01-31</subfield>
    <subfield code="y">LBS1</subfield>
  </datafield>
  <datafield tag="999" ind1=" " ind2=" ">
    <subfield code="c">51274</subfield>
    <subfield code="d">51274</subfield>
  </datafield>
</record>
